[Event "GER CupT 1617 prel4"]
[Site "Wolfhagen"]
[Date "2017.01.28"]
[Round "1.1"]
[White "Zeltwanger, Andre"]
[Black "Schoene, Maria"]
[Result "0-1"]
[WhiteElo "2210"]
[BlackElo "2278"]
[PlyCount "36"]
[EventDate "2017.01.28"]
[EventType "team-k.o."]
[EventRounds "2"]
[EventCountry "GER"]
[SourceTitle "EXT 2019"]
[Source "ChessBase"]
[SourceDate "2018.10.10"]
[SourceVersion "1"]
[SourceVersionDate "2018.10.10"]
[SourceQuality "1"]
[WhiteTeam "Salzgitter"]
[BlackTeam "Magdeburg Aufbau Elbe"]
[WhiteTeamCountry "GER"]
[BlackTeamCountry "GER"]

1. d4 Nf6 2. c4 g6 3. Nc3 Bg7 4. e4 d6 5. f4 0-0 6. Nf3 c5 7. d5 b5 8. e5 dxe5 9. fxe5 Ng4 10. Bf4 Nd7 11. Qe2 b4 12. Ne4 Ngxe5 13. Nxe5 Nxe5 14. Nxc5 Qc7 15. Bxe5 Bxe5 16. Ne4 Bf5 17. 0-0-0 Bg7 18. Nd2 Qa5 0-1

[Event "BL 1617 (Women)"]
[Site "Germany"]
[Date "2017.01.22"]
[Round "4.3"]
[White "Schoene, Maria"]
[Black "Waechter, Nathalie"]
[Result "0-1"]
[WhiteElo "2273"]
[BlackElo "2042"]
[PlyCount "69"]
[EventDate "2016.10.22"]
[EventType "team-tourn"]
[EventRounds "11"]
[EventCountry "GER"]
[SourceTitle "EXT 2018"]
[Source "ChessBase"]
[SourceDate "2017.10.13"]
[SourceVersion "1"]
[SourceVersionDate "2017.10.13"]
[SourceQuality "1"]
[WhiteTeam "Bad Koenigshofen (W)"]
[BlackTeam "Harksheide (W)"]
[WhiteTeamCountry "GER"]
[BlackTeamCountry "GER"]

1. e4 e6 2. d4 d5 3. Nc3 h6 4. Nf3 Nf6 5. exd5 exd5 6. Bd3 Bb4 7. 0-0 0-0 8. Ne2 Nc6 9. Ng3 Bg4 10. c3 Bd6 11. Nf5 Ne4 12. Nxd6 Qxd6 13. Be2 Rfe8 14. Be3 f5 15. Qc1 Ng5 16. Kh1 Nd8 17. Bxg5 hxg5 18. Bd3 Bxf3 19. gxf3 Qf6 20. f4 Ne6 21. fxg5 Nxg5 22. Qf4 Ne4 23. Rg1 Re7 24. Rg2 Kf7 25. Rag1 Rg8 26. c4 g5 27. Qf3 g4 28. Qf4 Rg6 29. f3 Ng5 30. Qxf5 Qxf5 31. Bxf5 Rf6 32. fxg4 Nh3 33. Rf1 Ng5 34. h4 Ne4 35. g5 0-1